Agradecimiento por el proyecto de ejecución de unos caminos
Colección:
San Jorge,
; núm. 21 (gener 1956), pàg 101
Idioma:
Español
MARC
| LEADER | 00000naa a2200000 a 4500 | ||
|---|---|---|---|
| 003 | Arxiu | ||
| 005 | 20260324181508.0 | ||
| 008 | 160829s1956 spc xx s spa c | ||
| 040 | |a AGDB | ||
| 245 | 0 | 0 | |a Agradecimiento por el proyecto de ejecución de unos caminos |
| 490 | |a San Jorge, |v núm. 21 (gener 1956), pàg 101 | ||
| 650 | 0 | |a Camins |z Catalunya |x Disseny i construcció |9 30474 | |
| 773 | |g Núm. 21 (gener 1956), pàg 101 |i San Jorge | ||
| 901 | |a Arxiu | ||
| 942 | |n 1 |2 udc |c ART | ||
| 952 | |0 0 |1 0 |4 0 |6 REV511 |7 1 |9 66247 |a Arxiu |b Arxiu |d 2023-05-08 |l 0 |o Rev-511 |p També disponible a R |r 2023-05-08 00:00:00 |w 2023-05-08 |y ARXIU | ||
| 999 | |c 49038 |d 49038 | ||